00517nam a2200145Ia 4500008004100000020002200041041000800063082002100071100002500092245001500117260003300132300000900165999001900174952017800193230411s9999 xx 000 0 und d a978-81-7486-753-7 aeng aX/150/DAN/B06632 aDandekar G N9110668 aPadghawali bMauj PrakashanaMumbaic2010 a222p c156998d156998 001040708XaBTINbBTINd2011-03-11eShubham Sahitya Puneg150.00i4073l2oX 150 DAN B06632pBTIN-BK-6632r2025-01-06 00:00:00s2024-12-21v112.00w2011-03-11yBKzB06632